000 02183nam0a2200409 4500
001 RU\NLR\BIBL_A\022724454
005 20260420063217.0
010 _a978-5-9940-0785-3
_9300
021 _aRU
_bКН-П-25-079459
_9КН-П-25-7703
035 _a(NLR Aleph) 022724454
090 _a13688116
_c13688116
100 _a20260210d2024 k y0rusy50 ca
101 0 _arus
_deng
102 _aRU
105 _aa z 000yy
181 0 _ai
_baxxe
182 0 _an
200 1 _aГеополитические и экономические факторы во взаимодействии России и постсоветских государств в условиях украинского кризиса
_dGeopolitical and economic factors in the interaction of Russia and post-soviet in the context of the ukrainiancrisis scientifie report
_eдоклад
_fБ. А. Шмелев, А. Г. Пылин
_zeng
203 _aТекст
_bвизуальный
_cнепосредственный
210 _aМосква
_cИнститут экономики РАН
_d2024
215 _a55, [1] с.
_cил., табл.
_d24
225 1 _aНаучные доклады ИЭ РАН
300 _aВ конце кн. авт.: Б. А. Шмелев - д.и.н., проф., Артем Г. П. - к.э.н., доц.
300 _aАвт. также на англ. яз.: Shmelev B. A., Pylin A. G.
300 _aРез. англ.
320 _aБиблиогр.: с. 54-55 и в подстроч. примеч.
510 1 _6z11
_6z11790
_aGeopolitical and economic factors in the interaction of Russia and post-soviet in the context of the ukrainiancrisis scientifie report
_zeng
606 1 _aГеополитика
_yРоссийская Федерация
_92087415
_3RU\NLR\AUTH\661263578
686 1 _aФ4(2)3
700 1 _aШмелев
_bБ. А.
_gБорис Александрович
701 1 _aПылин
_bА. Г.
_gАртем Геннадьевич
790 1 _6z11
_aShmelev
_bB. A.
_gBoris Alecsandrovič
790 1 _6z11
_6z11510
_aShmelev
_bA. G.
_gArtem Gennad'evič
942 _cBOOK
980 _aNB